000 01858nam a2200385 c 4500
003 BLK
005 20200520110706.0
008 180408b bul|||||r ||||||| ||bul||
010 _aKNG00082532000
020 _a978-954-9467-17-8
_bиздат.: ПОНИ
040 _aBLK
041 _aBUL
_cBUL
080 _aСхоластична философия. Терминизъм. Концептуализъм. Неосхоластицизъм. Философска антропология
_b141.31
_x
_z141.31
080 _aМорална оценка - Ценности на живота, щастието, естетически, социални, морални, религиозни. Репутация. Имидж. Слава. Чест. Награда, наказание
_b17.022
_x
_z17.022
080 _aОбщество. Социална структура
_b316.3
_x
_z316.3
700 1 _aБогомилова, Нонка
_eсъстав.
_gТодорова, Нонка Богомилова
_9372069
139 _aЧовекът : единство и раздвоение
_bЧ 89
245 1 0 _aЧовекът : единство и раздвоение
_cсъстав. Нонка Богомилова.
257 _aBGR
260 София
_bПОНИ
_c2007
300 _a259 с.
_c20 см
380 _a1
500 _aОфс. изд.
650 4 _aАнтропология, философска
_9252429
650 4 _aЛичност - морално-етични проблеми
_9251926
650 4 _aЧовек - философско-психологически проблеми
_9245963
653 _aчовек
653 _aличност
653 _aфилософска антропология
852 _aЦб 239134
856 4 _qpdf
_u
856 4 _qpdf
_u
942 _cKNG
_n0
_02
944 _aCR
_c20.03.2008
_kЛюдмила_Стоянова
944 _aED
_c06.07.2009
_k
999 _c78067
_d78067